Pro Sports Teams in California - Statistics

General Stats
  • This quiz has been taken 52 times
  • The average score is 16 of 19
Answer Stats
League Team % Correct
NFL Los Angeles Rams
100%
MLB Los Angeles Dodgers
98%
NFL San Francisco 49ers
98%
NBA Los Angeles Lakers
96%
NFL Los Angeles Chargers
94%
NHL Los Angeles Kings
94%
NBA Sacramento Kings
94%
NBA Golden State Warriors
92%
NBA Los Angeles Clippers
90%
MLB Los Angeles Angels
88%
MLB San Diego Padres
88%
MLB San Francisco Giants
88%
MLB Athletics
86%
NHL San Jose Sharks
84%
NHL Anaheim Ducks
76%
MLS LA Galaxy
60%
MLS Los Angeles FC
52%
MLS San Diego FC
48%
MLS San Jose Earthquakes
46%
No matching quizzes found
Score Distribution
Percent of People with Each Score
Percentile by Number Answered
Your Score History
You have not taken this quiz